000 01273nam a22003497a 4500
003 CHAP
005 20220329141037.0
008 971013s1996 r 00010 d
010 _a61747
011 _a62719
035 _a66894
040 _cCHAP
090 _aTesis
100 0 0 _aLozano Sariñana, Manuel Alejandro.
_968801
245 _aRentabilidad de frijol de temporal bajo la influencia de políticas agrícolas en el municipio de Peñon Blanco Durango, 1995
260 _aChapingo, Méx. :
_bEl autor,
_c1996
300 _a114 h.
_b; gráfs. ; anexos
502 _aTesis (Lic. en Economía Agrícola) -- UACH. Departamento de Economía Agrícola
590 _aALEPH
_b10
_c20130110
_lUCH01
_h1344
590 _aBATCH-UPD
_b10
_c20130110
_lUCH01
_h0831
590 _aBATCH-UPD
_b10
_c20130410
_lUCH01
_h0509
590 _aBATCH-UPD
_b10
_c20130913
_lUCH01
_h2149
590 _aCONVERSION
_b10
_c20130109
_lUCH01
_h1333
650 1 4 _aAgricultura de temporal.
_91999
650 1 4 _aFrijol
_xCostos de producción.
_943355
650 1 4 _aFrijol
_xDurango.
_943360
650 1 4 _aPolítica agrícola
_xDurango.
_990313
901 _aBK
942 _cFOLL
949 _bBC
_cTES
_d-152134
_eTS1
_h30764
_i66894
_si
949 _bBC
_cTES
_d33724000628749
_eTS2
_fc.2
_h30765
_i66894
_si
999 _c61747
_d61747